Napalm Death albums - Statistics

General Stats
  • This quiz has been taken 12 times
    9 since last reset
  • The average score is 7 of 16
Answer Stats
Year Album % Correct
1987 Scum
100%
1988 From Enslavement To Obliteration
67%
1990 Harmony Corruption
67%
2012 Utilitarian
56%
1992 Utopia Banished
56%
2015 Apex Predator - Easy Meat
44%
2000 Enemy Of The Music Business
44%
2006 Smear Campaign
44%
1996 Diatribes
33%
2002 Order Of The Leech
33%
2005 The Code Is Red... Long Live The Code
33%
2020 Throes of Joy in the Jaws of Defeatism
33%
2009 Time Waits For No Slave
33%
1994 Fear, Emptiness, Despair
22%
1997 Inside The Torn Apart
22%
1998 Words From The Exit Wound
22%
No matching quizzes found
Score Distribution
Percent of People with Each Score
Percentile by Number Answered
Your Score History
You have not taken this quiz since the last reset